Normal view
MARC view
- Frog Prince (Tale)
Entry Topical Term
001 - CONTROL NUMBER
- control field: 86920
003 - CONTROL NUMBER IDENTIFIER
- control field: OSt
005 - DATE AND TIME OF LATEST TRANSACTION
- control field: 20251119115157.0
008 - FIXED-LENGTH DATA ELEMENTS
- fixed length control field: 251119|| aca||aabn | a|a d
040 ## - CATALOGING SOURCE
- Original cataloging agency: OSt
- Transcribing agency: OSt
150 ## - HEADING--TOPICAL TERM
- Topical term or geographic name as entry element: Frog Prince (Tale)
- Form subdivision: Pictorial works
- Form subdivision: Juvenile fiction
670 ## - SOURCE DATA FOUND
- Source citation: Work cat.: (OSt)49793: Davidson, Susanna, author. 37287, The frog prince /, 2011.